| 000 | 00738cam a22001691 4500 | ||
|---|---|---|---|
| 082 |
_a940.4 _bKLU _cD |
||
| 100 | 1 |
_aKluck, Alexander von, _949661 |
|
| 245 | 1 | 4 |
_aThe march on Paris and the battle of the Marne, 1914, _cby Alexander von Kluck...with portrait and maps and notes by the Historical section (Military branch) of the Committee of imperial defence. |
| 260 |
_aLondon, _bE. Arnold, _c1920. |
||
| 300 |
_axii, 175 p. _bfront. (port.) 3 maps (2 fold.; 1 in pocket) _c23 cm. |
||
| 526 |
_a0 _b0 _c0 _d940_400000000000000_KLU |
||
| 650 | 0 |
_aMarne, 1st Battle of the, France, 1914. _949596 |
|
| 650 | 0 |
_aMCE _9379 |
|
| 650 | 0 |
_aWorld War, 1914-1918 _xCampaigns _zWestern Front. _949302 |
|
| 710 | 1 |
_aGreat Britain. _939715 |
|
| 942 |
_2ddc _cBK |
||
| 999 |
_c552449 _d552449 |
||